[Event "IRI-ch U16"]
[Site "Chess.com INT"]
[Date "2021.01.16"]
[Round "11"]
[White "Deljou, Pouya"]
[Black "Ghazi, Mohammad Amin"]
[Result "1-0"]
[WhiteElo "1394"]
[BlackElo "1144"]
[PlyCount "53"]
[EventDate "2021.01.16"]
[EventType "swiss"]
[EventRounds "11"]
[EventCountry "IRI"]
[SourceTitle "EXT 2022"]
[Source "ChessBase"]
[SourceDate "2021.10.06"]
[SourceVersion "1"]
[SourceVersionDate "2021.10.06"]
[SourceQuality "1"]

1. e4 c5 2. c3 Nf6 3. e5 Nd5 4. d4 cxd4 5. cxd4 Nc6 6. Nf3 e6 7. Nc3 Bb4 8. Bd2 Nc7 9. a3 Ba5 10. Bc4 Bb6 11. Be3 0-0 12. 0-0 f6 13. exf6 Qxf6 14. d5 exd5 15. Bxd5+ Nxd5 16. Qxd5+ Rf7 17. Ng5 Ne5 18. Nxf7 Nxf7 19. Bxb6 Qxb6 20. Rfe1 Kf8 21. Re2 d6 22. Rae1 Bd7 23. Re7 Ne5 24. R1xe5 Be8 25. R5e6 Qxb2 26. Qf5+ Bf7 27. Qxf7# 1-0